Central Library, Doon University
WEBOPAC (ONLINE PUBLIC ACCESS CATALOGUE)

Literarische Anthropologie (Record no. 60946)

MARC details
000 -LEADER
fixed length control field 00482nam a22001817a 4500
005 - DATE & TIME
control field 20260530164533.0
008 - FIXED-LENGTH DATA ELEMENTS--GENERAL INFORMATION
fixed length control field 260530b |||||||| |||| 00| 0 eng d
020 ## - ISBN
International Standard Book Number 9783110402179
Price 3736.15
040 ## - CATALOGING SOURCE
Original cataloging agency Doon University
041 ## - Language
Language German
082 ## - DDC NUMBER
Classification number 801.93
Book Number KOS
100 ## - MAIN ENTRY--PERSONAL NAME
Personal name Kosenina, Alexander
245 ## - TITLE STATEMENT
Title Literarische Anthropologie
Sub Title : Die Neuentdeckung des Menschen
260 ## - PUBLICATION, DISTRIBUTION, ETC. (IMPRINT)
Place of publication, distribution, etc Berlin
Name of publisher, distributor, etc De Gruyter
Date of publication, distribution, etc 2016
300 ## - PHYSICAL DESCRIPTION
Pages 254
650 ## - Subject
Subject German Language
942 ## - ADDED ENTRY ELEMENTS (KOHA)
Koha item type Books
100 ## - MAIN ENTRY--PERSONAL NAME
-- 26947
952 ## - LOCATION AND ITEM INFORMATION (KOHA)
-- 2026-05-30
952 ## - LOCATION AND ITEM INFORMATION (KOHA)
-- 2026-05-30
Holdings
Withdrawn status Lost status Source of classification or shelving scheme Damaged status Not for loan Location (home branch) Sublocation or collection (holding branch) Date acquired Koha issues (times borrowed) Koha full call number Accession No. Koha date last seen Koha item type
          Doon University Doon University 30.05.2026   801.93 KOS 54111 30.05.2026 Books
          Doon University Doon University 30.05.2026   801.93 KOS 54112 30.05.2026 Books
Contact : +91-135-2533126 (Library),+91-135-2533105 (Admin Office) , Email : doonlibrary@gmail.com

Powered by Koha